| 000 | 00658nam a2200205 i 4500 | ||
|---|---|---|---|
| 001 | bgj | ||
| 245 | 0 | 0 |
_aEssential articles : _bthe resource file for issues / _cedited by Christine Shepherd and Chas White. |
| 260 |
_aCarlisle, England : _bCarel Press, _c1996. |
||
| 300 |
_a400 pp : _bill., phot. ; _c31 cm. |
||
| 505 | _aIncludes cross references, index and teacher's notes. | ||
| 650 | 9 | _aEssays in English | |
| 700 | 1 |
_aSHEPHERD, Christine. _eeditor |
|
| 700 | 1 |
_aWHITE, Chas. _eeditor |
|
| 020 | _a1872365345 (hbk) | ||
| 040 | _cBPK | ||
| 041 | 0 | _aeng | |
| 920 | _a1-872365-34-5 (hbk) | ||
| 942 | _cKS | ||
| 008 | s uk f |000 0 eng | ||
| 999 |
_c50153 _d50153 |
||